[Event "Albena BUL, 19th Open round_8"]
[Site "Albena BUL"]
[Date "2011.07.02"]
[Round "8.28"]
[White "Gasik, Anna"]
[Black "Anton, Teodor"]
[Result "1-0"]
[WhiteElo "2223"]
[BlackElo "2355"]
[PlyCount "83"]
[EventDate "2011.06.25"]
[EventType "swiss"]
[EventRounds "9"]
[EventCountry "BUL"]

1. e4 c5 2. Nf3 d6 3. Bb5+ Nd7 4. O-O Ngf6 5. Re1 a6 6. Bf1 b5 7. a4 b4 8. d4
cxd4 9. Nxd4 Bb7 10. f3 e6 11. a5 Qc7 12. c4 bxc3 13. Nxc3 d5 14. exd5 Nxd5 15.
Nxe6 fxe6 16. Nxd5 Qc5+ 17. Ne3 Bd6 18. b4 Qc7 19. Ng4 O-O 20. Rxe6 Bxb4 21.
Be3 Rad8 22. Qc1 Bxa5 23. Qxc7 Bxc7 24. Rb1 Bd5 25. Rxa6 h5 26. Nf2 Nf6 27. Rc1
Bb8 28. Bg5 Rc8 29. Rxc8 Rxc8 30. Ra5 Bf7 31. Ne4 Bc7 32. Rb5 Be8 33. Rb1 Nd5
34. h4 Bb6+ 35. Kh1 Bg6 36. Ba6 Rc7 37. Bd3 Rc6 38. Ra1 Nb4 39. Ra8+ Kh7 40.
Bb1 Bf5 41. g4 Bg6 42. Bd2 1-0

[Event "Albena BUL, 19th Open round_8"]
[Site "Albena BUL"]
[Date "2011.07.02"]
[Round "8.29"]
[White "Dimitrov, Pavel"]
[Black "Yakimenko, Alexander A"]
[Result "1-0"]
[WhiteElo "2344"]
[BlackElo "2225"]
[PlyCount "67"]
[EventDate "2011.06.25"]
[EventType "swiss"]
[EventRounds "9"]
[EventCountry "BUL"]

1. e4 e6 2. d4 d5 3. Nc3 Bb4 4. e5 c5 5. a3 Bxc3+ 6. bxc3 Qa5 7. Bd2 Qa4 8. Qg4
Kf8 9. Nf3 Nc6 10. Ra2 Nge7 11. Bd3 Bd7 12. h4 Re8 13. h5 h6 14. Qf4 Nd8 15. g4
Bb5 16. O-O Qa6 17. Bxb5 Qxb5 18. Qe3 Kg8 19. Raa1 Qc4 20. Kh2 Kh7 21. Rg1 Rhf8
22. g5 Nf5 23. Qf4 cxd4 24. gxh6 g5 25. Rxg5 dxc3 26. Rg7+ Kh8 27. Qxc4 dxc4
28. Bg5 Rg8 29. Bf6 Nxg7 30. Ng5 Nc6 31. hxg7+ Rxg7 32. h6 Nd4 33. Bxg7+ Kg8
34. Bf6 1-0

[Event "Albena BUL, 19th Open round_8"]
[Site "Albena BUL"]
[Date "2011.07.02"]
[Round "8.30"]
[White "Ivanov, Bogidar"]
[Black "Menkinoski, Riste"]
[Result "1-0"]
[WhiteElo "2179"]
[BlackElo "2331"]
[PlyCount "93"]
[EventDate "2011.06.25"]
[EventType "swiss"]
[EventRounds "9"]
[EventCountry "BUL"]

1. e4 c5 2. Nc3 Nc6 3. Bb5 Nd4 4. Bc4 g6 5. Nf3 Bg7 6. Nxd4 cxd4 7. Qf3 Nf6 8.
e5 dxc3 9. dxc3 Qc7 10. exf6 Bxf6 11. Bb3 O-O 12. Bf4 d6 13. O-O-O Be6 14. Bd5
Rab8 15. Rhe1 Qc8 16. h3 Bxd5 17. Rxd5 Qc4 18. Kb1 b5 19. Bg5 Bxg5 20. Rxg5 a5
21. Rg4 Qc7 22. h4 b4 23. cxb4 Rfc8 24. Qb3 d5 25. h5 Rxb4 26. Rxb4 axb4 27.
hxg6 hxg6 28. Rc1 Qc5 29. f4 e6 30. g4 Qc4 31. Qh3 Ra8 32. b3 Qa6 33. a4 bxa3
34. Rh1 a2+ 35. Ka1 Kf8 36. Qh4 Ke8 37. Qf6 Kd7 38. Qxf7+ Kd6 39. Re1 Qc8 40.
Qf6 Ra6 41. f5 gxf5 42. gxf5 Qxc2 43. Qxe6+ Kc5 44. Qe3+ Kb4 45. Rc1 Qxb3 46.
Qd4+ Ka3 47. Rc3 1-0

[Event "Albena BUL, 19th Open round_8"]
[Site "Albena BUL"]
[Date "2011.07.02"]
[Round "8.31"]
[White "Sarenac, David"]
[Black "Primbetov, Kazbek"]
[Result "0-1"]
[WhiteElo "2315"]
[BlackElo "2217"]
[PlyCount "82"]
[EventDate "2011.06.25"]
[EventType "swiss"]
[EventRounds "9"]
[EventCountry "BUL"]

1. e4 e6 2. d4 d5 3. Nc3 Bb4 4. Qd3 Ne7 5. Nf3 O-O 6. Bd2 b6 7. O-O-O Bb7 8.
exd5 Nxd5 9. Ng5 Nf6 10. Nce4 Bxd2+ 11. Rxd2 Nxe4 12. Nxe4 Nd7 13. Nc3 Nf6 14.
f3 Qd6 15. Qe3 Nd5 16. Nxd5 exd5 17. Bd3 Rfe8 18. Qg5 c5 19. Qh4 h6 20. Re2 c4
21. Rxe8+ Rxe8 22. Bf5 g6 23. Qxh6 Qf6 24. Bh3 Qxd4 25. Qd2 Qxd2+ 26. Kxd2 d4
27. Bd7 Re5 28. b3 Ba6 29. Re1 c3+ 30. Kd1 Rg5 31. g3 d3 32. Bc8 Bb5 33. a4 d2
34. Re7 Rc5 35. Bb7 Bd7 36. Ba6 Be6 37. Be2 Bxb3 38. Re8+ Kg7 39. Bb5 Rd5 40.
Be2 Bxa4 41. Re4 Bb5 0-1

[Event "Albena BUL, 19th Open round_8"]
[Site "Albena BUL"]
[Date "2011.07.02"]
[Round "8.33"]
[White "Bargan, Sergei"]
[Black "Nedev, Tanio"]
[Result "1-0"]
[WhiteElo "2297"]
[BlackElo "2204"]
[PlyCount "119"]
[EventDate "2011.06.25"]
[EventType "swiss"]
[EventRounds "9"]
[EventCountry "BUL"]

1. e4 e5 2. Nf3 Nc6 3. d4 exd4 4. Bc4 Bc5 5. c3 dxc3 6. Bxf7+ Kxf7 7. Qd5+ Kf8
8. Qxc5+ d6 9. Qxc3 Nf6 10. Nbd2 Kf7 11. Ng5+ Kg8 12. O-O h6 13. Ngf3 Kh7 14.
b4 Re8 15. b5 Ne5 16. Bb2 Nxf3+ 17. Qxf3 a6 18. Qd3 Kh8 19. a4 Bd7 20. Rfc1
axb5 21. axb5 Rxa1 22. Bxa1 Re6 23. f3 Ne8 24. Qd5 Qa8 25. Nb3 Re7 26. b6 c6
27. Qd2 Kg8 28. e5 dxe5 29. Nc5 Bf5 30. Bc3 Qb8 31. Rd1 Nf6 32. Qd8+ Qxd8 33.
Rxd8+ Kf7 34. g4 Bc2 35. Rb8 Nd7 36. Rxb7 Nxc5 37. Rxe7+ Kxe7 38. Bb4 Kd7 39.
Bxc5 g6 40. Kf2 h5 41. Kg3 Bd1 42. h3 hxg4 43. fxg4 Be2 44. Kf2 Ba6 45. Kg3 Ke6
46. Kh4 Kf6 47. Be3 Bc8 48. Bg5+ Ke6 49. Bd8 c5 50. Kg5 Kf7 51. Bc7 e4 52. Kf4
Bb7 53. Bd6 c4 54. Bc5 Ke6 55. h4 Bd5 56. Kg5 Kf7 57. Be3 c3 58. h5 gxh5 59.
gxh5 c2 60. h6 1-0

[Event "Albena BUL, 19th Open round_8"]
[Site "Albena BUL"]
[Date "2011.07.02"]
[Round "8.34"]
[White "Hristov, Nikolay Valeriev"]
[Black "Simonian, Tigran"]
[Result "0-1"]
[WhiteElo "1913"]
[BlackElo "2294"]
[PlyCount "94"]
[EventDate "2011.06.25"]
[EventType "swiss"]
[EventRounds "9"]
[EventCountry "BUL"]

1. d4 Nf6 2. c4 e6 3. Nf3 d5 4. Nc3 c6 5. Bg5 Nbd7 6. cxd5 exd5 7. e3 Be7 8.
Bd3 O-O 9. Qe2 Re8 10. O-O Nf8 11. Rae1 Be6 12. Ne5 N6d7 13. Bxe7 Rxe7 14. f4
f6 15. Nf3 Rc8 16. e4 dxe4 17. Nxe4 Nb6 18. Nc5 Bf7 19. Qf2 Nd5 20. Nh4 Rxe1
21. Rxe1 Qc7 22. Nf5 Bg6 23. Qh4 Rd8 24. Ne6 Nxe6 25. Rxe6 Qxf4 26. Qe1 Rf8 27.
Qf1 Bxf5 28. Bxf5 Qxd4+ 29. Qf2 Qxf2+ 30. Kxf2 g6 31. Bc2 Kf7 32. Re4 f5 33.
Rh4 Kg7 34. Bb3 Rd8 35. Ra4 a6 36. Rd4 Rd7 37. a4 Kf6 38. a5 Ke5 39. Rd1 Kd6
40. Kg3 Re7 41. Bxd5 cxd5 42. Rd2 Re4 43. b3 d4 44. Kf3 Ke5 45. b4 Re3+ 46. Kf2
f4 47. g3 f3 0-1

[Event "Albena BUL, 19th Open round_8"]
[Site "Albena BUL"]
[Date "2011.07.02"]
[Round "8.36"]
[White "Vioreanu, Bogdan-Gabriel"]
[Black "Iliev, Atanas"]
[Result "1-0"]
[WhiteElo "2430"]
[BlackElo "1979"]
[PlyCount "43"]
[EventDate "2011.06.25"]
[EventType "swiss"]
[EventRounds "9"]
[EventCountry "BUL"]

1. d4 d5 2. c4 c6 3. Nf3 Nf6 4. e3 e6 5. Nbd2 Nbd7 6. Bd3 b6 7. O-O Bd6 8. e4
dxe4 9. Nxe4 Nxe4 10. Bxe4 Bb7 11. Bc2 Qc7 12. Bd2 h6 13. b4 c5 14. bxc5 bxc5
15. d5 O-O 16. Re1 exd5 17. cxd5 Nf6 18. Rb1 Nxd5 19. Nh4 Bf4 20. Nf5 Qc6 21.
Bxf4 g6 22. Qxd5 1-0

[Event "Albena BUL, 19th Open round_8"]
[Site "Albena BUL"]
[Date "2011.07.02"]
[Round "8.37"]
[White "Bogdanov, Valentin"]
[Black "Iovcov, Valerii"]
[Result "1/2-1/2"]
[WhiteElo "2391"]
[BlackElo "2074"]
[PlyCount "103"]
[EventDate "2011.06.25"]
[EventType "swiss"]
[EventRounds "9"]
[EventCountry "BUL"]

1. d4 d5 2. c4 c6 3. Nf3 Nf6 4. Qc2 dxc4 5. Qxc4 Bf5 6. Bf4 e6 7. Nbd2 Be7 8.
Nh4 Bg4 9. h3 Nd5 10. hxg4 Bxh4 11. g3 Bf6 12. Bxb8 Rxb8 13. e3 e5 14. g5 Bxg5
15. dxe5 Qb6 16. O-O-O O-O 17. Bd3 h6 18. Qe4 f5 19. exf6 Bxf6 20. Nc4 Bxb2+
21. Nxb2 Rxf2 22. Na4 Qxe3+ 23. Qxe3 Nxe3 24. Rde1 Nd5 25. Bc2 Rf3 26. Rhg1 b5
27. Nb2 Nf6 28. Nd3 Rc8 29. Ne5 Rf2 30. Bb3+ Nd5 31. Nd3 Rf6 32. Nf4 Kh8 33.
Nxd5 cxd5+ 34. Kd2 d4 35. Rgf1 Rfc6 36. Rc1 Rc3 37. Rxc3 dxc3+ 38. Kc2 b4 39.
Rf7 a5 40. Rf5 Ra8 41. Bd5 Ra6 42. Rf8+ Kh7 43. Ra8 Rxa8 44. Be4+ Kh8 45. Bxa8
g5 46. Bf3 Kg7 47. Kb3 a4+ 48. Kc2 b3+ 49. axb3 axb3+ 50. Kxb3 Kf6 51. Kxc3 Kf5
52. g4+ 1/2-1/2

[Event "Albena BUL, 19th Open round_8"]
[Site "Albena BUL"]
[Date "2011.07.02"]
[Round "8.39"]
[White "Golstein, Mihail"]
[Black "Bonev, Todor"]
[Result "0-1"]
[WhiteElo "2075"]
[BlackElo "2317"]
[PlyCount "120"]
[EventDate "2011.06.25"]
[EventType "swiss"]
[EventRounds "9"]
[EventCountry "BUL"]

1. d4 Nf6 2. Nc3 d5 3. Bg5 Nbd7 4. Nf3 g6 5. Qd3 Bg7 6. e4 dxe4 7. Nxe4 Nxe4 8.
Qxe4 Nf6 9. Qe3 O-O 10. Bc4 Nd5 11. Qd2 c5 12. c3 Nb6 13. Bb3 cxd4 14. Nxd4 Qd6
15. O-O Rd8 16. Qe2 Bf6 17. Nb5 Qc6 18. Bxf6 Qxf6 19. Rfe1 Kf8 20. Qe3 Bd7 21.
Nd4 Ba4 22. Qh6+ Kg8 23. Re3 Bxb3 24. axb3 Nd5 25. Rf3 Qg7 26. Qh4 e6 27. Re1
Rac8 28. Qe4 Rd7 29. Nxe6 fxe6 30. Qxe6+ Kh8 31. Qe8+ Rxe8 32. Rxe8+ Qg8 33.
Rxg8+ Kxg8 34. Kf1 Kg7 35. g3 Nf6 36. Ke2 Ne4 37. Re3 Nf6 38. f3 Kf7 39. b4 Re7
40. Rxe7+ Kxe7 41. Kd3 Kd6 42. Kd4 Nd5 43. f4 a6 44. Ke4 b5 45. f5 gxf5+ 46.
Kxf5 Ne3+ 47. Kf6 Nd1 48. Kg7 Nxb2 49. Kxh7 Nd1 50. g4 Nxc3 51. g5 Nd5 52. g6
a5 53. bxa5 b4 54. a6 Kc6 55. a7 Kb7 56. g7 Ne7 57. h4 b3 58. h5 b2 59. h6
b1=Q+ 60. Kh8 Kxa7 0-1

[Event "Albena BUL, 19th Open round_8"]
[Site "Albena BUL"]
[Date "2011.07.02"]
[Round "8.40"]
[White "Voicu-Jagodzinsky, Carmen"]
[Black "Sofranov, Velizar"]
[Result "1/2-1/2"]
[WhiteElo "2303"]
[BlackElo "2053"]
[PlyCount "85"]
[EventDate "2011.06.25"]
[EventType "swiss"]
[EventRounds "9"]
[EventCountry "BUL"]

1. e4 e5 2. Nf3 Nc6 3. Bc4 Bc5 4. c3 Nf6 5. d3 O-O 6. Bb3 d5 7. Qe2 Be6 8. Bc2
a6 9. h3 h6 10. Nbd2 Qd7 11. Nf1 Rfe8 12. Ng3 Rad8 13. Nh4 Ne7 14. Qf3 Nh7 15.
O-O Rf8 16. Nhf5 dxe4 17. dxe4 Nxf5 18. Nxf5 Qc6 19. Qg3 Bxf5 20. exf5 Rfe8 21.
Re1 Qf6 22. b4 Bb6 23. a4 Nf8 24. Be4 c6 25. Rb1 Nd7 26. Bb2 Ba7 27. a5 Qe7 28.
Bc1 Qf6 29. Rb2 Nf8 30. Rbe2 Re7 31. Kh1 Kh8 32. Bc2 Rde8 33. h4 Nh7 34. Qh3 e4
35. Kg1 Kg8 36. Bxe4 Qd6 37. Qd3 Qc7 38. Qf3 Nf6 39. Bd3 Rxe2 40. Rxe2 Rxe2 41.
Bxe2 Qe5 42. Bd2 Ne4 43. Be1 {...} 1/2-1/2

[Event "Albena BUL, 19th Open round_8"]
[Site "Albena BUL"]
[Date "2011.07.02"]
[Round "8.41"]
[White "Dimov, Dian"]
[Black "Daskalov, Dimitar"]
[Result "1-0"]
[WhiteElo "2292"]
[BlackElo "2035"]
[PlyCount "145"]
[EventDate "2011.06.25"]
[EventType "swiss"]
[EventRounds "9"]
[EventCountry "BUL"]

1. e4 c5 2. Nf3 d6 3. d4 cxd4 4. Nxd4 Nf6 5. Nc3 e6 6. g4 h6 7. h3 Nc6 8. Nde2
a6 9. Bg2 Bd7 10. O-O Rc8 11. b3 b5 12. Bb2 Qc7 13. Ng3 b4 14. Nce2 Na7 15. c4
bxc3 16. Nxc3 Nb5 17. Rc1 Qb8 18. Qd2 Nxc3 19. Bxc3 Be7 20. f4 Bc6 21. Rf2 Qa8
22. Bxf6 gxf6 23. f5 Kd7 24. Qe3 e5 25. Kh2 a5 26. Bf1 h5 27. gxh5 Bf8 28. Rd1
Bh6 29. Qd3 Qb8 30. Ne2 Qb4 31. Bg2 Rhg8 32. Bf3 Qc5 33. Rg2 Bb5 34. Qd5 Rxg2+
35. Kxg2 Rg8+ 36. Kh1 Qxd5 37. Rxd5 Bxe2 38. Bxe2 Rg3 39. Rxa5 Re3 40. Bb5+ Kc7
41. Ra4 Rxh3+ 42. Kg2 Rxh5 43. Bc4 Bf4 44. Bxf7 Rh2+ 45. Kf3 Kb6 46. Bd5 Rh3+
47. Ke2 Rh2+ 48. Kd3 Rh3+ 49. Kc4 Rh1 50. Rb4+ Ka7 51. Kb5 Rc1 52. Bc4 Kb7 53.
Ra4 Be3 54. b4 Rb1 55. Ra3 Bd2 56. Bd5+ Kb8 57. Ra8+ Kc7 58. a3 Bc1 59. Ra7+
Kb8 60. Ra6 Kc7 61. Rc6+ Kd7 62. a4 Bd2 63. Rc4 Rc1 64. Be6+ Kd8 65. Rxc1 Bxc1
66. Kb6 d5 67. exd5 e4 68. d6 Ba3 69. Kc5 e3 70. Bc4 Kd7 71. Bb5+ Kc8 72. a5
Bb2 73. a6 1-0

[Event "Albena BUL, 19th Open round_8"]
[Site "Albena BUL"]
[Date "2011.07.02"]
[Round "8.42"]
[White "Bratimirova, Dimitrinka"]
[Black "Shishkov, Minko"]
[Result "0-1"]
[WhiteElo "2028"]
[BlackElo "2286"]
[PlyCount "84"]
[EventDate "2011.06.25"]
[EventType "swiss"]
[EventRounds "9"]
[EventCountry "BUL"]

1. e4 c5 2. Nf3 e6 3. d4 cxd4 4. Nxd4 a6 5. c4 b6 6. Nc3 Bb7 7. Be3 Qc7 8. Qd2
Nf6 9. f3 d6 10. Be2 Nbd7 11. Rc1 Be7 12. O-O O-O 13. Rfd1 Rac8 14. a3 Qb8 15.
b4 Bd8 16. Nb3 Bc7 17. Bf4 Ne5 18. Be3 Rfe8 19. Kh1 Rcd8 20. Bg5 Ng6 21. f4 d5
22. cxd5 h6 23. Bxf6 Bxf4 24. Qd4 gxf6 25. Rc2 exd5 26. Nxd5 Bxd5 27. exd5 Bxh2
28. Qxf6 Be5 29. Qf5 Rd6 30. Bxa6 Qa7 31. Rc8 Rdd8 32. Rxd8 Rxd8 33. b5 Qe7 34.
Rf1 Rxd5 35. a4 Qh4+ 36. Qh3 Qg5 37. Bb7 Rd6 38. Bf3 Rd3 39. Nc1 Rd4 40. Qc8+
Kg7 41. Ne2 Rh4+ 42. Kg1 Rxa4 0-1

[Event "Albena BUL, 19th Open round_8"]
[Site "Albena BUL"]
[Date "2011.07.02"]
[Round "8.43"]
[White "Samhouri, Bilal"]
[Black "Gochev, Plamen"]
[Result "1-0"]
[WhiteElo "2269"]
[BlackElo "1995"]
[PlyCount "89"]
[EventDate "2011.06.25"]
[EventType "swiss"]
[EventRounds "9"]
[EventCountry "BUL"]

1. d4 Nf6 2. Nf3 e6 3. c4 d5 4. Nc3 c6 5. cxd5 cxd5 6. Bg5 Be7 7. e3 Nbd7 8.
Bd3 h6 9. Bf4 Nh5 10. Be5 Nhf6 11. Bg3 Nh5 12. Be5 Nhf6 13. O-O Nxe5 14. Nxe5
O-O 15. Rc1 Bd7 16. f4 a6 17. g4 Bb5 18. Rf3 Bxd3 19. Qxd3 Nd7 20. f5 Bf6 21.
fxe6 fxe6 22. Ng6 Re8 23. Rd1 Nf8 24. Nf4 b5 25. Nh5 Nh7 26. Qg6 Nf8 27. Qd3
Nh7 28. Rdf1 Ra7 29. Qg6 Kh8 30. a3 Nf8 31. Qc2 Nh7 32. Kh1 Rc7 33. Qg6 Nf8 34.
Qd3 Nh7 35. Nf4 Ng5 36. Rg3 Nh7 37. Nce2 Kg8 38. Nh5 e5 39. Nxf6+ Nxf6 40. dxe5
Rxe5 41. Nd4 Ne4 42. Rgf3 Qg5 43. Rf8+ Kh7 44. Nf3 Qg6 45. Nxe5 1-0

[Event "Albena BUL, 19th Open round_8"]
[Site "Albena BUL"]
[Date "2011.07.02"]
[Round "8.44"]
[White "Angelov, Kosta"]
[Black "Solonsky, Alexandr"]
[Result "1/2-1/2"]
[WhiteElo "2238"]
[BlackElo "1970"]
[PlyCount "80"]
[EventDate "2011.06.25"]
[EventType "swiss"]
[EventRounds "9"]
[EventCountry "BUL"]

1. e4 c5 2. c3 b6 3. d4 Bb7 4. Bd3 Nf6 5. f3 cxd4 6. cxd4 Nc6 7. Be3 Nb4 8. Be2
e6 9. a3 Nc6 10. Nc3 Be7 11. Rc1 O-O 12. d5 exd5 13. exd5 Ne5 14. d6 Nfg4 15.
dxe7 Qxe7 16. Bd4 Nc4 17. fxg4 Bxg2 18. Kf2 Nxb2 19. Qb3 Bxh1 20. Qxb2 Qh4+ 21.
Kf1 Qxh2 22. Nd1 Rfe8 23. Bc4 Qg3 24. Ne3 Rxe3 25. Bxe3 Qxe3 26. Rc3 Qf4+ 27.
Qf2 Qxf2+ 28. Kxf2 Bc6 29. Nh3 Re8 30. Ng5 Re7 31. Nf3 h6 32. Bd3 Be4 33. Bxe4
Rxe4 34. g5 Kf8 35. Rc7 Ra4 36. Rxd7 Rxa3 37. gxh6 gxh6 38. Ne5 Ra5 39. Rxf7+
Kg8 40. Re7 a6 1/2-1/2

[Event "Albena BUL, 19th Open round_8"]
[Site "Albena BUL"]
[Date "2011.07.02"]
[Round "8.45"]
[White "Stancu, Ovidiu-Grigore"]
[Black "Dobrev, Nayden"]
[Result "0-1"]
[WhiteElo "2073"]
[BlackElo "2235"]
[PlyCount "72"]
[EventDate "2011.06.25"]
[EventType "swiss"]
[EventRounds "9"]
[EventCountry "BUL"]

1. Nf3 Nf6 2. d4 g6 3. Nc3 d5 4. Bf4 Bg7 5. e3 O-O 6. Be2 c6 7. Ne5 Nfd7 8. Nd3
f6 9. Bg4 e5 10. dxe5 fxe5 11. Bg3 Qe7 12. e4 d4 13. Ne2 h5 14. Bxd7 Bxd7 15.
h4 c5 16. c4 Nc6 17. Qc2 Bh6 18. a3 a5 19. O-O Rae8 20. b4 axb4 21. axb4 cxb4
22. Ra4 Bg7 23. Rb1 Bf6 24. Raxb4 Nxb4 25. Nxb4 Bc6 26. Nd5 Qd8 27. Nxf6+ Qxf6
28. f3 g5 29. hxg5 Qxg5 30. Qd3 h4 31. Bf2 Rf7 32. Kh2 Ra8 33. Kh3 Ra2 34. Be1
Rg7 35. g4 hxg3 36. Kg2 Qh4 0-1

[Event "Albena BUL, 19th Open round_8"]
[Site "Albena BUL"]
[Date "2011.07.02"]
[Round "8.46"]
[White "Melderis, Uldis"]
[Black "Orndahl, Markus"]
[Result "1/2-1/2"]
[WhiteElo "2014"]
[BlackElo "2235"]
[PlyCount "145"]
[EventDate "2011.06.25"]
[EventType "swiss"]
[EventRounds "9"]
[EventCountry "BUL"]

1. d4 Nf6 2. c4 c5 3. Nf3 g6 4. Nc3 Bg7 5. g3 O-O 6. Bg2 cxd4 7. Nxd4 d6 8. O-O
Nc6 9. Nxc6 bxc6 10. Bxc6 Rb8 11. Be3 Qc7 12. Qa4 Bh3 13. Rfd1 Rfc8 14. Bf3
Rxb2 15. Rab1 Bd7 16. Qxa7 Rxb1 17. Rxb1 Qxa7 18. Bxa7 Rxc4 19. Rb8+ Bf8 20.
Rb3 Bh3 21. e4 Bh6 22. Be2 Rc7 23. Bb8 Rc8 24. Ba6 Rc5 25. f4 Be6 26. Ra3 d5
27. Ba7 Rc7 28. Bb8 Rc5 29. Ba7 Rc7 30. Bb8 Rc6 31. Bb5 Rc8 32. exd5 Nxd5 33.
Be5 Nxc3 34. Bxc3 Bg7 35. Bxg7 Rc1+ 36. Kf2 Kxg7 37. Re3 Rc2+ 38. Re2 Rxa2 39.
Rxa2 Bxa2 40. h4 h6 41. Bd3 Be6 42. Ke3 Bg4 43. Bc4 Kf6 44. Bd3 Be6 45. Bc2 Bd5
46. Bd3 Be6 47. Bc2 Kg7 48. Bd3 Kf8 49. Kd4 Bg4 50. Ke5 f6+ 51. Kd4 Kf7 52.
Bc4+ Be6 53. Bd3 Ba2 54. Bc2 Be6 55. Bd3 Kg7 56. Bc2 Bf7 57. Bd3 Kf8 58. Bb5
Be6 59. Ba4 Bf5 60. Bd1 Ke8 61. Ba4+ Kd8 62. Bb5 Kc7 63. Kc5 Be4 64. g4 e5 65.
fxe5 fxe5 66. g5 h5 67. Ba4 Bf5 68. Kd5 e4 69. Kd4 Kd6 70. Ke3 Ke5 71. Bc6 Kd6
72. Bb7 Ke5 73. Bc6 1/2-1/2

[Event "Albena BUL, 19th Open round_8"]
[Site "Albena BUL"]
[Date "2011.07.02"]
[Round "8.47"]
[White "Kulon, Klaudia"]
[Black "Karaivanov, Alexander"]
[Result "0-1"]
[WhiteElo "2227"]
[BlackElo "1963"]
[PlyCount "77"]
[EventDate "2011.06.25"]
[EventType "swiss"]
[EventRounds "9"]
[EventCountry "BUL"]

1. c4 e5 2. Nc3 Nc6 3. g3 f5 4. Bg2 Nf6 5. a3 a5 6. e3 Bc5 7. Nge2 e4 8. d3
exd3 9. Qxd3 d6 10. b3 Ne5 11. Qc2 O-O 12. O-O Qe8 13. h3 Qh5 14. Nf4 Qh6 15.
Na4 Ne4 16. Nxc5 Nxc5 17. Nd5 Rf7 18. f4 Nc6 19. Bb2 Be6 20. b4 Ne4 21. Kh2 Qg6
22. g4 Nf6 23. b5 Bxd5 24. cxd5 Ne7 25. Bxf6 Qxf6 26. g5 Qg6 27. Qxc7 h6 28.
Qxb7 Re8 29. gxh6 Qxh6 30. Qb6 a4 31. Rae1 Rf6 32. Rg1 Ng6 33. Qc6 Rxe3 34.
Rxe3 Qxf4+ 35. Rg3 Ne5 36. Qc1 Ng4+ 37. hxg4 Rh6+ 38. Bh3 Rxh3+ 39. Kxh3 0-1

[Event "Albena BUL, 19th Open round_8"]
[Site "Albena BUL"]
[Date "2011.07.02"]
[Round "8.48"]
[White "Halldorsson, Jon Arni"]
[Black "Delgado-Vlaic, Adrian"]
[Result "1-0"]
[WhiteElo "2214"]
[BlackElo "1919"]
[PlyCount "165"]
[EventDate "2011.06.25"]
[EventType "swiss"]
[EventRounds "9"]
[EventCountry "BUL"]

1. d4 Nf6 2. c4 e6 3. Nc3 d5 4. cxd5 exd5 5. Bg5 Nbd7 6. e3 Bb4 7. Bd3 c5 8.
Nge2 O-O 9. O-O Bxc3 10. Nxc3 c4 11. Bc2 Qb6 12. b3 Qb4 13. Rc1 b5 14. Qf3 Bb7
15. bxc4 bxc4 16. Bf5 h6 17. Bh4 Qd6 18. Rb1 Bc6 19. Bg3 Qe7 20. Bf4 g5 21. Bg3
Ne4 22. Bxe4 dxe4 23. Qf5 Qf6 24. Qxf6 Nxf6 25. Rb4 Nd5 26. Rxc4 Nxc3 27. Rxc6
Nxa2 28. Rxh6 f6 29. h4 gxh4 30. Rxh4 Nc3 31. Bd6 Rfc8 32. Bb4 a5 33. Bxc3 Rxc3
34. Ra1 a4 35. Rxe4 a3 36. d5 Rb3 37. Rd4 a2 38. Rdd1 Kf8 39. d6 Ke8 40. d7+
Kd8 41. Kh2 Rb2 42. Kg3 Rab8 43. Rh1 Kxd7 44. Rh7+ Ke6 45. Ra7 Rg8+ 46. Kf3 Rg5
47. g4 f5 48. Ra6+ Ke5 49. Ra5+ Ke6 50. R1xa2 Rxa2 51. Rxa2 Rxg4 52. Ra6+ Ke5
53. Ra8 Rb4 54. Re8+ Kf6 55. Rf8+ Ke5 56. Re8+ Kf6 57. Rd8 Ke5 58. Rd4 Rb2 59.
Ra4 Rb5 60. Kg3 Rb1 61. Ra5+ Ke4 62. f3+ Kxe3 63. Re5+ Kd4 64. Rxf5 Ke3 65.
Re5+ Kd4 66. f4 Rg1+ 67. Kf3 Rf1+ 68. Kg4 Rf2 69. Kg5 Rg2+ 70. Kf5 Rf2 71. Re8
Kd5 72. Rd8+ Kc6 73. Kg5 Kc7 74. Rd1 Rg2+ 75. Kf6 Rf2 76. f5 Re2 77. Kg6 Rg2+
78. Kf7 Rf2 79. f6 Rf3 80. Kg7 Rg3+ 81. Kf8 Rg2 82. f7 Rf2 83. Rg1 1-0

[Event "Albena BUL, 19th Open round_8"]
[Site "Albena BUL"]
[Date "2011.07.02"]
[Round "8.49"]
[White "Dimov, Kiril"]
[Black "Popa, Marian"]
[Result "1/2-1/2"]
[WhiteElo "2187"]
[BlackElo "1894"]
[PlyCount "156"]
[EventDate "2011.06.25"]
[EventType "swiss"]
[EventRounds "9"]
[EventCountry "BUL"]

1. d4 Nf6 2. c4 e6 3. Nc3 Bb4 4. e3 O-O 5. Bd3 c5 6. Nf3 Nc6 7. O-O cxd4 8.
exd4 d5 9. Bg5 Be7 10. Rc1 dxc4 11. Bxc4 Nd5 12. Bxe7 Ncxe7 13. Bd3 Nf6 14. Ne5
b6 15. Re1 Bb7 16. Re3 Rc8 17. Ng4 Nxg4 18. Qxg4 g6 19. Rh3 Nd5 20. Ne2 Rxc1+
21. Nxc1 Qf6 22. Ne2 Rc8 23. Rg3 Qe7 24. h4 Nf6 25. Qg5 Nd5 26. Qh6 Qf8 27. Qd2
Qb4 28. Qg5 Qe7 29. Qg4 Nf6 30. Qg5 Nd5 31. Qe5 f6 32. Qe4 f5 33. Qe5 Qf6 34.
Qd6 Qe7 35. Qxe7 Nxe7 36. Nc3 Nd5 37. Bb5 Rc7 38. a3 Kf7 39. Nxd5 Bxd5 40. Rc3
Rxc3 41. bxc3 h6 42. f4 g5 43. hxg5 hxg5 44. g3 g4 45. Kf2 Ke7 46. Ke3 Kd6 47.
Bd3 Bc6 48. c4 Bd7 49. Kd2 a5 50. Kc3 Bc8 51. Bc2 Bd7 52. Bd3 Bc8 53. Bf1 Bd7
54. Bg2 Bc6 55. Bf1 Bd7 56. Bd3 Bc8 57. Bc2 Bd7 58. Bd3 Bc8 59. Be2 Bd7 60. Bd1
Bc6 61. Bb3 Bd7 62. Ba2 Be8 63. Bb1 Bd7 64. Bd3 Be8 65. Bf1 Bd7 66. Kb3 Bc6 67.
Bd3 Bd7 68. Kc3 Bc8 69. Bf1 Bb7 70. Be2 Bc8 71. Bd1 Bd7 72. Bc2 Bc8 73. Ba4 Bb7
74. Bc2 Bc8 75. Ba4 Bb7 76. Bb5 Bc6 77. Ba6 Bd7 78. Kb3 Bc6 1/2-1/2

[Event "Albena BUL, 19th Open round_8"]
[Site "Albena BUL"]
[Date "2011.07.02"]
[Round "8.50"]
[White "Bejatovic, Bojana"]
[Black "Luncasu, Raul-Ionut"]
[Result "1/2-1/2"]
[WhiteElo "1968"]
[BlackElo "2172"]
[PlyCount "109"]
[EventDate "2011.06.25"]
[EventType "swiss"]
[EventRounds "9"]
[EventCountry "BUL"]

1. d4 Nf6 2. Nf3 c5 3. e3 e6 4. Bd3 b6 5. O-O Bb7 6. b3 d6 7. Bb2 Nbd7 8. Nbd2
Be7 9. c4 O-O 10. Qc2 Rc8 11. Rae1 b5 12. Ng5 h6 13. Nge4 bxc4 14. bxc4 cxd4
15. Nxf6+ Bxf6 16. exd4 Qb6 17. Rb1 Qa5 18. Bc3 Qc7 19. f4 Ba8 20. a4 d5 21.
Rb4 Be7 22. Rb5 dxc4 23. Nxc4 Bd5 24. Ba5 Qc6 25. Ne3 Qxc2 26. Bxc2 Bc6 27.
Rbb1 Nf6 28. f5 Nd5 29. Nxd5 Bxd5 30. Bd3 Bf6 31. Rf4 Rb8 32. Rb4 Rxb4 33. Bxb4
Rb8 34. Bc5 Rb3 35. Bc2 Rb2 36. Rf2 a5 37. fxe6 Rb7 38. Rxf6 gxf6 39. e7 Bc6
40. d5 Bd7 41. Bf5 Bxa4 42. d6 Kg7 43. h3 Be8 44. Kh2 a4 45. Bc8 Rd7 46. Bxd7
Bxd7 47. Kg3 f5 48. Bd4+ f6 49. Kf4 Kf7 50. Bc5 Kg6 51. g4 fxg4 52. hxg4 h5 53.
gxh5+ Kxh5 54. e8=Q+ Bxe8 55. Kf5 1/2-1/2

[Event "Albena BUL, 19th Open round_9"]
[Site "Albena BUL"]
[Date "2011.07.03"]
[Round "9.1"]
[White "Cheparinov, Ivan"]
[Black "Lupulescu, Constantin"]
[Result "1/2-1/2"]
[WhiteElo "2669"]
[BlackElo "2638"]
[PlyCount "53"]
[EventDate "2011.06.25"]
[EventType "swiss"]
[EventRounds "9"]
[EventCountry "BUL"]

1. d4 Nf6 2. c4 e6 3. Nf3 b6 4. g3 Bb7 5. Bg2 Be7 6. Nc3 Ne4 7. Bd2 O-O 8. O-O
Nxd2 9. Qxd2 Bb4 10. Rfd1 a5 11. d5 d6 12. Qc2 Bxc3 13. Qxc3 e5 14. e4 Bc8 15.
Nh4 Na6 16. b3 Nc5 17. Qe3 h6 18. a3 g5 19. Nf3 f5 20. exf5 Bxf5 21. b4 axb4
22. axb4 Rxa1 23. Rxa1 Nd3 24. Ne1 Nxe1 25. Qxe1 Qf6 26. Ra7 Rf7 27. Ra3
1/2-1/2

[Event "Albena BUL, 19th Open round_9"]
[Site "Albena BUL"]
[Date "2011.07.03"]
[Round "9.2"]
[White "Rodshtein, Maxim"]
[Black "Kolev, Atanas"]
[Result "0-1"]
[WhiteElo "2638"]
[BlackElo "2590"]
[PlyCount "50"]
[EventDate "2011.06.25"]
[EventType "swiss"]
[EventRounds "9"]
[EventCountry "BUL"]

1. d4 d5 2. c4 e6 3. Nc3 c5 4. cxd5 exd5 5. Nf3 Nc6 6. g3 Nf6 7. Bg2 Be7 8. O-O
O-O 9. Bg5 c4 10. Ne5 Be6 11. Nxc6 bxc6 12. b3 Qa5 13. Qc2 Rfd8 14. Rfd1 Rac8
15. Na4 c5 16. Bd2 Qb5 17. bxc4 cxd4 18. cxb5 Rxc2 19. Be1 Ne4 20. Bf1 Bf6 21.
a3 Rb8 22. Rab1 Nc3 23. Nxc3 dxc3 24. Rbc1 Rxc1 25. Rxc1 Rc8 0-1